Southville International School and Colleges
Your cart is empty.
  • Cart
  • Lists
    Public lists Eva Luna New books Lux_list list_1
    Your lists Log in to create your own lists
  • Log in to your account
  • Your cookies
  • Search history
Southville International School and Colleges
  • Advanced search
  • Recent comments
  • Most popular
  • Libraries

Log in to your account

Log in with GOOGLE


If you do not have an external account, but do have a local account, you can still log in:

  1. Home
  2. MARC view: Who Am I? /
Normal view MARC view ISBD view

Who Am I? / (Record no. 102828)

[ view plain ]
MARC details
000 -LEADER
fixed length control field 00689nam a2200229 a 4500
005 - DATE AND TIME OF LATEST TRANSACTION
control field 20140412111243.0
008 - FIXED-LENGTH DATA ELEMENTS--GENERAL INFORMATION
fixed length control field 010808s19uu xx 00 eng d
020 ## - INTERNATIONAL STANDARD BOOK NUMBER
International Standard Book Number 0-590-46192-3
050 ## - LIBRARY OF CONGRESS CALL NUMBER
Classification number ER
Item number Wh55 1993
100 ## - MAIN ENTRY--PERSONAL NAME
Personal name Christensen, Nancy
245 ## - TITLE STATEMENT
Title Who Am I? /
Statement of responsibility, etc by Nancy Christensen; illustrated by Rowan Barnes-Murphy.
260 ## - PUBLICATION, DISTRIBUTION, ETC. (IMPRINT)
Place of publication, distribution, etc New York :
Name of publisher, distributor, etc Scholastic Inc,
Date of publication, distribution, etc 1993.
300 ## - PHYSICAL DESCRIPTION
Extent 1v. (unp.) ; ill.
520 ## - SUMMARY, ETC.
Summary, etc Rhyming text provides clues about the nature of the animal who is speaking.
650 ## - SUBJECT ADDED ENTRY--TOPICAL TERM
Topical term or geographic name as entry element Animals-Fiction
650 ## - SUBJECT ADDED ENTRY--TOPICAL TERM
Topical term or geographic name as entry element Literacy recreations
650 ## - SUBJECT ADDED ENTRY--TOPICAL TERM
Topical term or geographic name as entry element Stories in rhyme
Holdings
Withdrawn status Lost status Damaged status Use restrictions Home library Current library Shelving location Date acquired Source of acquisition Total Checkouts Full call number Barcode Date last seen Price effective from Koha item type
        Elizalde Library Elizalde Library Easy Reading Section 08/08/2001     ER Wh55 1993 E2895 04/12/2014 04/12/2014 Books
        Elizalde Library Elizalde Library Easy Reading Section 08/08/2001     ER Wh55 1993 E2896 04/12/2014 04/12/2014 Books
        Elizalde Library Elizalde Library Easy Reading Section 01/16/2003     ER Wh55 1993 E8935 04/12/2014 04/12/2014 Books
        Elizalde Library Elizalde Library Easy Reading Section 07/05/2007     ER Wh55 1993 E10423 04/12/2014 04/12/2014 Books

Who Am I? /

APA

Christensen N., . (1993). Who Am I?. New York: Scholastic Inc.

Chicago

Christensen Nancy, . 1993. Who Am I?. New York: Scholastic Inc.

Harvard

Christensen N., . (1993). Who Am I?. New York: Scholastic Inc.

MLA

Christensen Nancy, . Who Am I?. New York: Scholastic Inc. 1993.

  • Place hold
  • Print
  • Cite
  • Add to your cart (remove)
  • Save record
    BIBTEX Dublin Core MARCXML MARC (non-Unicode/MARC-8) MARC (Unicode/UTF-8) MARC (Unicode/UTF-8, Standard) MODS (XML) RIS
  • More searches
    Search for this title in:
    Other Libraries (WorldCat) Other Databases (Google Scholar) Online Stores (Bookfinder.com) Open Library (openlibrary.org)

Exporting to Dublin Core...

SOUTHVILLE LIBRARY

Southville International School and Colleges Library

1281 Tropical Ave. Cor. Luxembourg St., BF Homes International, Las Pinas City

Tel. No. 8256374 / 252358 Loc. 117/146

Powered by Koha